LEADER 01049nam a2200229 i 4500 001 000000006841 003 CaOOAMICUS 005 20260525115537.0 008 180830s19661967it u000 u ita u 040 $aSeMil$bita 100 1 $aLortz, Joseph,$d<1887-1975>.$0(OLS)http://semarc/name/671 240 10$aGeschichte der Kirche in ideengeschichtlicher Betrachtung.$0(OLS)http://semarc/title/9139 245 10$aStoria della Chiesa nello sviluppo delle sue idee /$cJoseph Lortz. 260 $aAlba :$bPaoline,$c1966-1967. 300 $a2 v. ;$c23 cm. 650 4$aChiesa - Storia.$0(OLS)http://semarc/subject/8 774 0 $aLortz, Joseph <1887-1975>$t1: Antichità e Medioevo.$kTheologica$g1$w()104069 774 0 $aLortz, Joseph <1887-1975>$t2: Evo moderno.$kTheologica$g2$w()104068 830 0$aTheologica ;$v7-8.$0(OLS)http://semarc/title/431735 996 $6245$aStoria della Chiesa nello sviluppo delle sue idee$9(OLS)http://semarc/title/9138 996 $6260$aAlba :$bPaoline$9(OLS)http://semarc/publisher/29692